|
|
|
|
| LEADER |
00000nbm0a2200000 4500 |
| 001 |
143686 |
| 005 |
20231101221039.0 |
| 035 |
|
|
|a (RuTPU)RU\TPU\book\155715
|
| 090 |
|
|
|a 143686
|
| 100 |
|
|
|a 20080923d1966 k y0rusy50 ca
|
| 101 |
0 |
|
|a rus
|
| 102 |
|
|
|a RU
|
| 105 |
|
|
|a a m 001zy
|
| 200 |
1 |
|
|a Вопросы теории и построения аналоговых множительно-делительных устройств
|e диссертация на соискание ученой степени кандидата технических наук
|f В. П. Шерстобитов
|g Томский политехнический институт (ТПИ) ; науч. рук. В. М. Разин
|
| 210 |
|
|
|a Томск
|c [Б. и.]
|d 1966
|
| 215 |
|
|
|a 139 л.
|c ил.
|
| 320 |
|
|
|a Библиогр.: с. 128 - 137 ( 103 назв.)
|
| 606 |
1 |
|
|a Множительно-делительные устройства аналоговые
|2 stltpush
|3 (RuTPU)RU\TPU\subj\44181
|9 63550
|
| 610 |
1 |
|
|a аналоговые множительно-делительные устройства
|
| 610 |
1 |
|
|a построение
|
| 610 |
1 |
|
|a теория
|
| 610 |
1 |
|
|a линейные приборы
|
| 610 |
1 |
|
|a идентификация
|
| 610 |
1 |
|
|a схемы
|
| 610 |
1 |
|
|a испытания
|
| 610 |
1 |
|
|a электронные блоки
|
| 610 |
1 |
|
|a погрешности
|
| 610 |
1 |
|
|a экспериментальное исследование
|
| 610 |
1 |
|
|a диссертации
|
| 610 |
1 |
|
|a труды учёных ТПУ
|
| 675 |
|
|
|a 681.335(04)
|v 3
|
| 700 |
|
1 |
|a Шерстобитов
|b В. П.
|
| 702 |
|
1 |
|a Разин
|b В. М.
|c российский ученый
|c профессор кафедры вычислительной техники ТПУ
|f 1925-
|g Виктор Мартемьянович
|2 stltpush
|3 (RuTPU)RU\TPU\pers\19856
|4 727
|
| 712 |
0 |
2 |
|a Томский политехнический институт (ТПИ)
|c (1944-1991)
|2 stltpush
|3 (RuTPU)RU\TPU\col\1123
|
| 801 |
|
1 |
|a RU
|b 63413507
|c 20080923
|g PSBO
|
| 801 |
|
2 |
|a RU
|b 63413507
|c 20191009
|g RCR
|
| 942 |
|
|
|c BK
|